| 000 | 00608nam a22001937a 4500 | ||
|---|---|---|---|
| 005 | 20251108165759.0 | ||
| 008 | 250721s1980 xx 000 0 ara d | ||
| 082 | 1 | 4 | _aم/415/غسا |
| 100 | 1 | _aالغساني، أبو عثمان سعيد بن محمد | |
| 245 | 1 | 0 | _aكتاب الأفعال / |
| 264 | 1 |
_aالقاهرة : _bمجمع اللغة العربية، _c1980. |
|
| 300 | _a5ج. | ||
| 650 | 1 | 7 | _aاللغة العربية |
| 650 | 1 | 7 | _aعلم الصرف |
| 650 | 1 | 7 | _aقواعد اللغة |
| 700 | 1 |
_aشرف، حسين محمد محمد _eتحقيق |
|
| 942 |
_2ddc _cREF |
||
| 999 |
_c31136 _d31136 |
||